[Event "Dortmund Sparkassen op-B"]
[Site "Dortmund"]
[Date "2010.07.25"]
[Round "9"]
[White "Kartsev, Nikolaj"]
[Black "Puetz, Roman"]
[Result "0-1"]
[WhiteElo "886"]
[BlackElo "1235"]
[PlyCount "144"]
[EventDate "2010.07.17"]
[EventType "swiss"]
[EventRounds "9"]
[EventCountry "GER"]
[SourceTitle "EXT 2014"]
[Source "ChessBase"]
[SourceDate "2013.11.20"]
[SourceVersion "1"]
[SourceVersionDate "2013.11.20"]
[SourceQuality "1"]

1. e4 e5 2. Nc3 Nf6 3. f4 Nc6 4. Nf3 d6 5. Bc4 Be7 6. 0-0 0-0 7. d3 Na5 8. Bd5 c6 9. Bxf7+ Rxf7 10. b4 Qb6+ 11. Rf2 Qxb4 12. Bd2 Qb6 13. Na4 Qd8 14. Qe1 b6 15. Qb1 Nb7 16. Qb3 d5 17. fxe5 Ng4 18. Rff1 Nc5 19. Qb1 Nxa4 20. Qc1 Nc3 21. h3 Bc5+ 22. Kh1 Ne2 23. Qe1 Nf2+ 24. Rxf2 Ng3+ 25. Kg1 Bxf2+ 26. Qxf2 Nxe4 27. Qe1 Nxd2 28. Qxd2 Rxf3 29. gxf3 Qh4 30. Qg2 Qd4+ 31. Kh1 Qxe5 32. Rg1 Bf5 33. h4 Bg6 34. f4 Qxf4 35. h5 Qh4+ 36. Qh2 Qxh5 37. Rg2 Qxh2+ 38. Rxh2 Re8 39. Rh4 Re1+ 40. Kg2 Re2+ 41. Kf3 Rxc2 42. Ra4 a5 43. Ra3 Bxd3 44. Rxd3 Rxa2 45. Rc3 h5 46. Kf4 Rg2 47. Rxc6 h4 48. Rxb6 h3 49. Rb1 h2 50. Rh1 a4 51. Kf3 Rb2 52. Ke3 a3 53. Kd3 a2 54. Ra1 Rb1 55. Rxa2 h1Q 56. Ra8+ Kh7 57. Kd4 Qe4+ 58. Kc5 d4 59. Kd6 Rc1 60. Kd7 d3 61. Rc8 Qc4 62. Rxc4 Rxc4 63. Kd6 d2 64. Kd5 Rc1 65. Kd4 d1R+ 66. Ke3 Rf1 67. Ke2 Kg6 68. Kd2 Rfe1 69. Kd3 Kf5 70. Kd2 Kf4 71. Kd3 Kf3 72. Kd2 Red1# 0-1